| 000 | 00352nam a2200133 a 4500 | ||
|---|---|---|---|
| 005 | 20140412111344.0 | ||
| 008 | 040902s19uu xx 00 eng d | ||
| 050 |
_aER _bWh55 2003 |
||
| 245 | _aWho's hiding in Noah's Ark. | ||
| 260 |
_aChina : _bThe clever factory, _c2003. |
||
| 300 | _aunp. | ||
| 650 | _aBible stories-- illustrated | ||
| 999 |
_c105180 _d105180 |
||